000 00722nam a2200253Ia 4500
003 OSt
005 20220916111056.0
006 a|||||r|||| 00| 0
007 ta
008 220915b |||||||| |||| 00| 0 eng d
024 _a248549
037 _cTextbook
040 _beng
_aARTS
_cARTS
041 _aeng
082 _aV73:191TH.N83, M3 (906)
100 _aLewis John P. Ed.
245 0 _aU.S. foreign policy and the third world agenda 1983
260 _aNew York
_bPraeger U.S.A
300 _a293p.
_ccm.
650 _aHISTORY
700 _a Kallab Valeriana Ed.
942 _hV73:191TH.N83, M3 (906)
_cTB
_2CC
999 _c105062
_d105062